000 00920nam a2200301Ia 4500
001 3232
003 IT-RoPAU
008 130308s9999 xx 000 0 und d
040 _aIT-RoPAU
040 _cIT-RoPAU
041 _aITALIANO
100 _aKracauer Siegfried
100 _gCodice Aut. SPICS: 5014
245 _aCinema del nostro tempo (Il): il ritorno alla realtà fisica
245 _bComunicazioni e Cultura di Massa-Testi e Documenti
250 _a1a ed.
260 _aMILANO
260 _bHoepli
260 _c1970 [1° Ed.:1970 - Ed.Ling.Originale:1962]
300 _a"12 p. (prefazione: no ; testo: 12 [pagine: 451-462])"
500 _aRealtà Fisica Come dominio del Cinema Momenti della Vita Quotidiana Famiglia dell'Uomo
650 _aSOCIOLOGIA DELLA COMUNICAZIONE SOCIALE
650 _eCodice materia Spics: 3806
942 _cBK
957 _71
999 _c44211
_d44211
999 _bSI
999 _g1